000 00491nam a2200169Ia 4500
005 20250508152655.0
008 008 250505s9999 xx 000 0 eng d
037 _aBooks to be hide in OPAC
040 _aFEDL
_beng
_cFEDL
041 _aeng
_2eng
084 _a700, LAL/O
_qFEDL
245 0 _aLalit kala. Nos. 3-4, April 1956 - March 1957
260 _aNew Delhi, India
_bLalit Kala Akadami
_c1967
300 _a142p.
942 _cHB
_h700, LAL/O
999 _c1337977
_d1337977